Tim Allen Movies! - Statistics

General Stats
  • This quiz has been taken 19 times
  • The average score is 8 of 30
Answer Stats
Hint Answer % Correct
1994 The Santa Clause
93%
1995 Toy Story
80%
2002 The Santa Clause 2
73%
1999 Toy Story 2
60%
2010 Toy Story 3
60%
2019 Toy Story 4
60%
2007 Wild Hogs
60%
2004 Christmas With the Kranks
40%
1997 Jungle 2 Jungle
40%
1999 Galaxy Quest
33%
2010 Crazy on the Outside
27%
2001 Joe Somebody
27%
2006 The Shaggy Dog
27%
2006 Zoom
20%
2013 3 Geezers!
13%
2017 El Camino Christmas
13%
2006 The Santa Clause 3: The Escape Clause
13%
2002 Big Trouble
7%
2000 Buzz Lightyear of Star Command: The Adventure Begins
7%
1997 For Richer or Poorer
7%
2008 Redbelt
7%
2009 The Six Wives of Henry Lefay
7%
1988 Tropical Snow
7%
2001 Who is Cletis Tout?
7%
2006 Cars
0%
2004 Jimmy Neutron: Win, Lose and Kaboom
0%
1997 Meet Wally Sparks
0%
2018 The Mean and the Greene
0%
2003 These Guys
0%
2003 Tim Allen Presents: A User's Guide to 'Home Improvement'
0%
No matching quizzes found
Score Distribution
Percent of People with Each Score
Percentile by Number Answered
Your Score History
You have not taken this quiz